[Event "Campeonato de España Individual"]
[Site "Cala Major-Palma de Mallorca"]
[Date "2009.09.29"]
[Round "4.24"]
[White "Lorente Penalba, Diego"]
[Black "Gaya Llodra, Juan"]
[Result "1-0"]
[WhiteElo "2120"]
[BlackElo "2218"]
[PlyCount "43"]
[EventDate "2009.09.26"]

1. e4 Nf6 2. e5 Nd5 3. d4 d6 4. exd6 cxd6 5. c3 g6 6. Bd3 Bg7 7. Nf3 O-O 8. O-O
h6 9. Re1 Nc6 10. Qb3 e6 11. Bd2 Nb6 12. a4 a5 13. Na3 e5 14. Nc4 Nxc4 15. Bxc4
exd4 16. Nxd4 Nxd4 17. cxd4 Kh7 18. Bc3 Qg5 19. Re3 f5 20. Rae1 f4 21. Re7 Bh3
22. Rxg7+ 1-0

[Event "Campeonato de España Individual"]
[Site "Cala Major-Palma de Mallorca"]
[Date "2009.09.29"]
[Round "4.25"]
[White "Montoya Irigoyen, Iñigo"]
[Black "Serrano Bozada, Esteban"]
[Result "1-0"]
[WhiteElo "2070"]
[BlackElo "2217"]
[PlyCount "127"]
[EventDate "2009.09.26"]

1. c4 g6 2. Nc3 Bg7 3. g3 e5 4. Bg2 d6 5. d3 f5 6. Nf3 Nf6 7. O-O O-O 8. Rb1 a5
9. a3 h6 10. b4 axb4 11. axb4 g5 12. Qb3 Kh8 13. c5 Qe7 14. cxd6 cxd6 15. b5
Nbd7 16. Ba3 Nc5 17. Qb4 e4 18. dxe4 Nfxe4 19. Nd5 Qf7 20. Nb6 Rxa3 21. Qxa3
Be6 22. Rbd1 Bb3 23. Nd4 Bxd1 24. Rxd1 f4 25. g4 Be5 26. Nf5 Qe6 27. Nd5 Nf6
28. Nxf6 Qxf6 29. Qa7 Kh7 30. Qb6 Qd8 31. Qa7 Qa8 32. b6 Qxa7 33. bxa7 Ra8 34.
Nxd6 Rxa7 35. Nxb7 Nxb7 36. Rd7+ Kg8 37. Bxb7 Kf8 38. Rd5 Rxb7 39. Rxe5 Kf7 40.
h4 Kf6 41. Rf5+ Kg6 42. h5+ Kg7 43. Rd5 Ra7 44. Kg2 Rb7 45. Kf3 Ra7 46. Rd6 Rb7
47. Rd5 Rc7 48. Rd2 Re7 49. Rb2 Kh7 50. Rb4 Kg7 51. Re4 Rc7 52. Re6 Rc4 53.
Re7+ Kg8 54. e3 fxe3 55. fxe3 Rb4 56. Rd7 Rc4 57. Rd4 Rc7 58. Ke4 Re7+ 59. Kd3
Rc7 60. e4 Kf7 61. e5 Ke6 62. Ke4 Rc6 63. Rd6+ Rxd6 64. exd6 1-0

[Event "Campeonato de España Individual"]
[Site "Cala Major-Palma de Mallorca"]
[Date "2009.09.29"]
[Round "4.26"]
[White "Galiana Salom, Juan Ramon"]
[Black "Navarrete Espi, Samuel"]
[Result "1-0"]
[WhiteElo "2216"]
[BlackElo "1929"]
[PlyCount "41"]
[EventDate "2009.09.26"]

1. e4 e5 2. Nf3 Nc6 3. Bb5 Nf6 4. O-O Bc5 5. Nxe5 Nxe5 6. d4 Nxe4 7. dxc5 Qe7
8. Qd4 Nxc5 9. Nc3 c6 10. b4 Nf3+ 11. gxf3 Ne6 12. Qe4 cxb5 13. Nd5 Qd8 14. f4
O-O 15. f5 Nc7 16. Ne7+ Kh8 17. f6 Ne8 18. fxg7+ Nxg7 19. Bb2 f6 20. Rad1 Ne6
21. Qxe6 1-0

[Event "Campeonato de España Individual"]
[Site "Cala Major-Palma de Mallorca"]
[Date "2009.09.29"]
[Round "4.28"]
[White "Vega Gutierrez, Sabrina"]
[Black "Navarrete Terrasa, Sebastian"]
[Result "1-0"]
[WhiteElo "2357"]
[BlackElo "2019"]
[PlyCount "51"]
[EventDate "2009.09.26"]

1. e4 c6 2. d4 d5 3. Nc3 dxe4 4. Nxe4 Nf6 5. Nxf6+ gxf6 6. c3 Bf5 7. Nf3 e6 8.
g3 Bd6 9. Bg2 Nd7 10. O-O Qc7 11. Qe2 h5 12. Nh4 O-O-O 13. Nxf5 exf5 14. c4 c5
15. b4 cxd4 16. c5 Be5 17. Qd3 f4 18. gxf4 Bxf4 19. c6 Nf8 20. Bxf4 Qxf4 21.
Qb5 Qc7 22. cxb7+ Kb8 23. Rac1 Qb6 24. Rc8+ Rxc8 25. bxc8=Q+ Kxc8 26. Qe8+ 1-0

[Event "Campeonato de España Individual"]
[Site "Cala Major-Palma de Mallorca"]
[Date "2009.09.29"]
[Round "4.39"]
[White "Caliz Morales, Felipe"]
[Black "Pons Servera, Cristobal"]
[Result "0-1"]
[WhiteElo "1885"]
[BlackElo "2119"]
[PlyCount "106"]
[EventDate "2009.09.26"]

1. e4 c5 2. Nf3 Nc6 3. d4 cxd4 4. Nxd4 Nf6 5. Nc3 e5 6. Ndb5 d6 7. Bg5 a6 8.
Na3 b5 9. Bxf6 gxf6 10. Nd5 Bg7 11. c3 f5 12. exf5 Bxf5 13. Nc2 O-O 14. Nce3
Be6 15. Be2 f5 16. O-O f4 17. Nc2 Qg5 18. f3 Rab8 19. Ndb4 Nxb4 20. Nxb4 a5 21.
Nc6 Rb6 22. Nxa5 d5 23. a3 e4 24. Kh1 h5 25. Nb3 h4 26. Rg1 Rf7 27. Nd4 Bd7 28.
Qc2 Qe5 29. Rad1 Bf8 30. Qd2 Kh8 31. Nb3 Bc6 32. Qd4 Qxd4 33. Nxd4 Bd7 34. h3
Kg7 35. Rge1 Kf6 36. fxe4 dxe4 37. Bf1 Re7 38. Re2 Be8 39. Rde1 Bg6 40. Rf2 Kg5
41. Bxb5 e3 42. Rf3 Be4 43. Re2 Rxb5 44. Nxb5 Bd3 45. Re1 Bxb5 46. b3 Rd7 47.
a4 Bc6 48. Rff1 Rd2 49. Rg1 e2 50. a5 Bc5 51. b4 Bf2 52. Kh2 Bb5 53. Kh1 Bxe1
0-1

[Event "Campeonato de España Individual"]
[Site "Cala Major-Palma de Mallorca"]
[Date "2009.09.29"]
[Round "4.43"]
[White "Juan Mas, Santiago"]
[Black "Fernandez Calzada, Juan A"]
[Result "1-0"]
[WhiteElo "2098"]
[BlackElo "1895"]
[PlyCount "69"]
[EventDate "2009.09.26"]

1. Nf3 c5 2. g3 Nc6 3. Bg2 Nf6 4. O-O d5 5. d3 Bg4 6. c3 e6 7. Nbd2 Be7 8. Qc2
O-O 9. e4 dxe4 10. dxe4 Qc7 11. Nc4 Nd7 12. Bf4 e5 13. Bd2 Bh5 14. Ne3 Nb6 15.
h4 Bg6 16. b3 Rad8 17. Nf5 Rfe8 18. Nxe7+ Rxe7 19. Be3 Nb8 20. Bh3 Nd5 21. Bg5
f6 22. Bd2 Qc6 23. exd5 Qxd5 24. Qd1 Be4 25. Ng5 Qxd2 26. Nxe4 Qxd1 27. Rfxd1
Rxd1+ 28. Rxd1 Na6 29. Rd8+ Kf7 30. Nd6+ Kg6 31. Nc8 Rc7 32. Nxa7 b6 33. Nb5
Re7 34. Rd6 Rb7 35. Bc8 1-0

[Event "Campeonato de España Individual"]
[Site "Cala Major-Palma de Mallorca"]
[Date "2009.09.29"]
[Round "4.47"]
[White "Sarto Ramos, Angel"]
[Black "Rodriguez Varela, Alvaro"]
[Result "1-0"]
[WhiteElo "2037"]
[BlackElo "1805"]
[PlyCount "55"]
[EventDate "2009.09.26"]

1. d4 f5 2. g3 g6 3. Bg2 Bg7 4. Nc3 Nf6 5. e4 fxe4 6. Nxe4 O-O 7. h4 Nxe4 8.
Bxe4 d6 9. h5 Qe8 10. hxg6 hxg6 11. Qd3 Qf7 12. Rh2 Bf5 13. Ne2 Nc6 14. c3 Bxe4
15. Qxe4 Qf5 16. Qxf5 gxf5 17. Bh6 e5 18. O-O-O Rf7 19. Rdh1 Raf8 20. Kd2 Bxh6+
21. Rxh6 Kg7 22. f4 e4 23. d5 Ne7 24. Nd4 e3+ 25. Ke2 Ng6 26. Ne6+ Kf6 27. Nxf8
Rxf8 28. Rh7 1-0

[Event "Campeonato de España Individual"]
[Site "Cala Major-Palma de Mallorca"]
[Date "2009.09.29"]
[Round "4.50"]
[White "Damians Janes, Jordi"]
[Black "Milian Calatayud, Jose Luis"]
[Result "1-0"]
[WhiteElo "1974"]
[BlackElo "1718"]
[PlyCount "47"]
[EventDate "2009.09.26"]

1. e4 c5 2. Nc3 Nf6 3. g3 d6 4. Bg2 e6 5. d3 Nbd7 6. f4 a6 7. Nf3 Rb8 8. O-O
Be7 9. h3 b5 10. g4 c4 11. g5 Nh5 12. Kh2 g6 13. f5 exf5 14. exf5 f6 15. Re1
Kf7 16. Nd4 Qc7 17. Nd5 Qc5 18. Rxe7+ Kg8 19. Re8+ Nf8 20. Re7 Qxd4 21. Qxh5
gxh5 22. Nxf6+ Qxf6 23. gxf6 Bxf5 24. Rg7# 1-0

[Event "Campeonato de España Individual"]
[Site "Cala Major-Palma de Mallorca"]
[Date "2009.09.29"]
[Round "4.52"]
[White "Alemany Jara, Alejandro"]
[Black "Masso Catala, Joan"]
[Result "1-0"]
[WhiteElo "1766"]
[BlackElo "1529"]
[PlyCount "47"]
[EventDate "2009.09.26"]

1. e4 e6 2. d4 d5 3. e5 c5 4. c3 Qb6 5. Nf3 Nc6 6. a3 Nh6 7. b4 cxd4 8. cxd4
Nf5 9. Bb2 Bd7 10. Be2 Be7 11. O-O f6 12. Bd3 Nfxd4 13. Nxd4 Nxe5 14. Nf3 Bd6
15. Nxe5 fxe5 16. Qh5+ Kd8 17. Bxe5 Rc8 18. Qg5+ Kc7 19. Qg3 h5 20. h3 Rcf8 21.
Nd2 Rf7 22. Rac1+ Bc6 23. Bxd6+ Kd8 24. b5 1-0

[Event "Campeonato de España Individual"]
[Site "Cala Major-Palma de Mallorca"]
[Date "2009.09.29"]
[Round "4.19"]
[White "Munar Rossello, Pedro"]
[Black "Valmana Canto, Jaime"]
[Result "0-1"]
[WhiteElo "2144"]
[BlackElo "2332"]
[PlyCount "90"]
[EventDate "2009.09.26"]

1. e4 g6 2. d4 Bg7 3. c4 d6 4. Nc3 e5 5. dxe5 dxe5 6. Qxd8+ Kxd8 7. f4 Nc6 8.
Nf3 Bg4 9. h3 Bxf3 10. gxf3 Nd4 11. Kf2 Ne6 12. fxe5 Bxe5 13. Be3 c6 14. Rd1+
Kc7 15. h4 Nf6 16. Bh3 Rad8 17. Bxe6 fxe6 18. Na4 b6 19. f4 Ng4+ 20. Kf3 Nxe3
21. Kxe3 Bg7 22. e5 Bh6 23. Rxd8 Rxd8 24. Nc3 Rf8 25. Rf1 Rf5 26. Ke4 Rh5 27.
Rd1 Rxh4 28. Ne2 Bxf4 29. Nxf4 g5 30. Rd6 Rxf4+ 31. Kd3 Rf7 32. Rxe6 g4 33. Re8
Rg7 34. Ra8 Kb7 35. Rf8 g3 36. e6 Ka6 37. e7 g2 38. e8=Q Rg3+ 39. Kc2 g1=Q 40.
Qc8+ Ka5 41. Rf5+ c5 42. a3 Rg2+ 43. Kb3 Qd4 44. Rxc5+ Qxc5 45. Qb7 Rg3+ 0-1

[Event "Campeonato de España Individual"]
[Site "Cala Major-Palma de Mallorca"]
[Date "2009.09.29"]
[Round "4.34"]
[White "Garcia Del Rey, Senen"]
[Black "Miguelez Garcia, Erlantz"]
[Result "0-1"]
[WhiteElo "2319"]
[BlackElo "1948"]
[PlyCount "112"]
[EventDate "2009.09.26"]

1. e4 c5 2. Nc3 Nc6 3. g3 g6 4. Bg2 Bg7 5. d3 e5 6. Nh3 d6 7. O-O Nge7 8. f4
O-O 9. f5 gxf5 10. exf5 Bxf5 11. Rxf5 Nxf5 12. Be4 Qf6 13. Qh5 Nce7 14. g4 Qh4
15. Qxh4 Nxh4 16. Bxb7 Rab8 17. Be4 h6 18. a4 f5 19. gxf5 Nhxf5 20. Nd5 Nxd5
21. Bxd5+ Kh8 22. c3 Ne7 23. Bg2 Ng8 24. a5 Nf6 25. a6 Rb6 26. Bb7 Rf7 27. Ra4
d5 28. Nf2 Kh7 29. b4 cxb4 30. Be3 d4 31. cxd4 b3 32. Ra1 b2 33. Rb1 exd4 34.
Bxd4 Rfxb7 35. axb7 Rxb7 36. Rxb2 Rxb2 37. Bxb2 Nd5 38. Ba3 a5 39. Kf1 Bd4 40.
Nd1 Kg6 41. Ke2 Kf5 42. Kf3 h5 43. Bb2 Bc5 44. Nc3 Nxc3 45. Bxc3 a4 46. d4 Bd6
47. h3 a3 48. Ke3 Bf4+ 49. Kd3 Bd6 50. Ke3 Be7 51. Ba1 Bf6 52. Bc3 Be7 53. Ba1
Bb4 54. Kd3 Kf4 55. d5 Bd6 56. Kc4 h4 0-1

[Event "Campeonato de España Individual"]
[Site "Cala Major-Palma de Mallorca"]
[Date "2009.09.29"]
[Round "4.36"]
[White "Segura Ariza, Jose Luis"]
[Black "Cerdo Fernandez, Miguel"]
[Result "1-0"]
[WhiteElo "2210"]
[BlackElo "1921"]
[PlyCount "101"]
[EventDate "2009.09.26"]

1. d4 Nf6 2. c4 c5 3. d5 e6 4. Nc3 exd5 5. cxd5 d6 6. e4 g6 7. Nf3 Bg7 8. Bd3
O-O 9. O-O Bg4 10. h3 Bxf3 11. Qxf3 a6 12. a4 Nbd7 13. Qd1 Qc7 14. Be3 Rfe8 15.
Re1 Rab8 16. Rc1 c4 17. Bc2 Nc5 18. f3 b5 19. axb5 axb5 20. Ne2 Nfd7 21. b4
cxb3 22. Bxb3 Ra8 23. Nd4 Qa5 24. Rb1 Ne5 25. Nc6 Nxc6 26. dxc6 Nxb3 27. Qxb3
Rab8 28. Red1 Qc7 29. Qd5 Rec8 30. Qxd6 Qxc6 31. Qxc6 Rxc6 32. Rxb5 Rbc8 33.
Rb7 Be5 34. f4 Bb8 35. Rdd7 Rf8 36. Kf2 Re6 37. Kf3 Rd6 38. Re7 Re6 39. Rxe6
fxe6 40. Kg4 Bd6 41. Rb6 Rd8 42. e5 Be7 43. Rxe6 Kf7 44. Rc6 Rd3 45. Kf3 Rb3
46. g4 Bb4 47. Ke4 Be1 48. Rc7+ Kg8 49. e6 h5 50. Bd4 Bb4 51. Rc8+ 1-0

[Event "Campeonato de España Individual"]
[Site "Cala Major-Palma de Mallorca"]
[Date "2009.09.29"]
[Round "4.42"]
[White "Veganzones Rojo, David"]
[Black "Figuerola Campins, Antonio"]
[Result "1-0"]
[WhiteElo "2100"]
[BlackElo "1904"]
[PlyCount "121"]
[EventDate "2009.09.26"]

1. d4 g6 2. c4 Bg7 3. e4 d6 4. Ne2 Nd7 5. Nbc3 c5 6. d5 Qa5 7. Bd2 a6 8. Ng3 h5
9. Be2 Bh6 10. O-O Bxd2 11. Qxd2 h4 12. Nh1 h3 13. g3 Ne5 14. f3 Bd7 15. a4
O-O-O 16. Nf2 Nf6 17. Rad1 Rdg8 18. f4 Neg4 19. Nxg4 Nxg4 20. e5 Bf5 21. Rde1
Qd8 22. Bf3 f6 23. Qd1 Nh6 24. g4 Bd7 25. e6 Be8 26. Re3 Rg7 27. Be2 g5 28. f5
Qb6 29. b3 Ng8 30. Rff3 Rgh7 31. Bf1 Qb4 32. Ne4 Rh4 33. Nf2 Qa3 34. Rxh3 Rxh3
35. Bxh3 Qb2 36. Bf1 Rh4 37. h3 Nh6 38. Qe2 Qxe2 39. Bxe2 a5 40. Kh2 Ng8 41.
Kg3 b6 42. Ne4 Kd8 43. Nd2 Rh8 44. Nf3 Nh6 45. Bd3 Ng8 46. Re2 Nh6 47. Rh2 Ng8
48. Nd2 Kc7 49. h4 Rxh4 50. Rxh4 gxh4+ 51. Kxh4 Kd8 52. Ne4 Kc7 53. Ng3 Kd8 54.
Be2 Kc7 55. Ne4 Kd8 56. g5 fxg5+ 57. Kxg5 Kc7 58. f6 exf6+ 59. Nxf6 Nxf6 60.
Kxf6 Kd8 61. Bg4 1-0

[Event "Campeonato de España Individual"]
[Site "Cala Major-Palma de Mallorca"]
[Date "2009.09.29"]
[Round "4.44"]
[White "Valls Casas, Jordi"]
[Black "Zhou, Tai Long"]
[Result "0-1"]
[WhiteElo "2094"]
[BlackElo "1818"]
[PlyCount "82"]
[EventDate "2009.09.26"]

1. d4 Nf6 2. Nf3 d5 3. g3 c5 4. dxc5 Qa5+ 5. c3 Qxc5 6. Bg2 Bf5 7. O-O e6 8.
Nd4 Be4 9. Nb3 Qc7 10. f3 Qb6+ 11. Kh1 Bg6 12. Bg5 Nbd7 13. N1d2 h6 14. Bh4 Bh7
15. g4 g5 16. Bf2 Qc7 17. Nd4 h5 18. Bg3 e5 19. Qa4 a6 20. Nf5 Bxf5 21. gxf5 h4
22. Bxe5 Qxe5 23. f4 gxf4 24. Nf3 Qc7 25. Nd4 Bd6 26. Rad1 O-O-O 27. b4 Nb6 28.
Qb3 Ng4 29. Nc2 Rhe8 30. Rd2 Nxh2 31. Rfd1 Ng4 32. Kg1 h3 33. Bxd5 h2+ 34. Kg2
Ne3+ 35. Nxe3 Rxe3 36. Bf3 Rxc3 37. Qb1 f6 38. Rd3 Rg8+ 39. Kf2 Rxd3 40. Qxd3
Bxb4 41. Bg2 Qc5+ 0-1

[Event "Campeonato de España Individual"]
[Site "Cala Major-Palma de Mallorca"]
[Date "2009.09.29"]
[Round "4.17"]
[White "Camacho Collados, Jose"]
[Black "Gutierrez Castillo, Oscar"]
[Result "1/2-1/2"]
[WhiteElo "2401"]
[BlackElo "2130"]
[PlyCount "119"]
[EventDate "2009.09.26"]

1. Nf3 Nf6 2. g3 g6 3. Bg2 Bg7 4. c4 c5 5. O-O O-O 6. Nc3 d5 7. d3 Nc6 8. cxd5
Nxd5 9. Bd2 Nc7 10. Rc1 Bd7 11. e3 Rc8 12. Ne2 b6 13. Bc3 e5 14. d4 cxd4 15.
exd4 exd4 16. Nfxd4 Nxd4 17. Bxd4 Bb5 18. Bxg7 Kxg7 19. Re1 Ne6 20. Nc3 Qxd1
21. Rcxd1 Bc6 22. Bxc6 Rxc6 23. Rd7 a6 24. Nd5 Rd8 25. Rxd8 Nxd8 26. Re2 Rd6
27. Nc7 Rd1+ 28. Kg2 a5 29. h4 Nc6 30. a3 Nd4 31. Re5 Rd2 32. Rd5 Nb3 33. Rxd2
Nxd2 34. Nd5 Nc4 35. Kf3 b5 36. b4 a4 37. Nc3 Nxa3 38. Ke4 Nc2 39. Na2 Kf6 40.
Kd5 Kf5 41. f3 h5 42. Kc5 Na3 43. Nc3 g5 44. hxg5 Kxg5 45. Kd6 f5 46. Kd5 Nc2
47. Kc5 Na3 48. Kd5 f4 49. Ne4+ Kg6 50. gxf4 Kf5 51. Ng3+ Kxf4 52. Nxh5+ Kxf3
53. Kd4 Nc2+ 54. Kc3 Ne3 55. Nf6 Kf4 56. Ne8 Ke5 57. Kb2 Nd5 58. Ka3 Kd4 59.
Nd6 Nc3 60. Nxb5+ 1/2-1/2

[Event "Campeonato de España Individual"]
[Site "Cala Major-Palma de Mallorca"]
[Date "2009.09.29"]
[Round "4.22"]
[White "Ferreiro Pailos, Alejandro"]
[Black "Menvielle Laccourreye, Augusto"]
[Result "0-1"]
[WhiteElo "2125"]
[BlackElo "2254"]
[PlyCount "52"]
[EventDate "2009.09.26"]

1. e4 c5 2. Nf3 e6 3. g3 Nc6 4. Bg2 d6 5. O-O Nge7 6. c3 d5 7. e5 Nf5 8. Na3 g5
9. g4 Nfe7 10. d4 h6 11. Be3 c4 12. Qd2 Ng6 13. Nc2 f5 14. exf6 Qxf6 15. Nxg5
hxg5 16. Bxg5 Qg7 17. f4 Bd6 18. Rae1 Nce7 19. h3 Nh4 20. f5 Nxg2 21. f6 Qh7
22. fxe7 Nxe1 23. Qf2 Bxe7 24. Bxe7 Qxe7 25. Rxe1 Rxh3 26. Ne3 Qg5 0-1

[Event "Campeonato de España Individual"]
[Site "Cala Major-Palma de Mallorca"]
[Date "2009.09.29"]
[Round "4.23"]
[White "Camacho Collados, Marcos"]
[Black "Moya Albaladejo, Jose Antonio"]
[Result "1-0"]
[WhiteElo "2231"]
[BlackElo "1959"]
[PlyCount "75"]
[EventDate "2009.09.26"]

1. e4 c5 2. Nf3 d6 3. d4 cxd4 4. Nxd4 Nf6 5. Nc3 a6 6. Be2 e5 7. Nb3 Be7 8. O-O
O-O 9. Re1 Be6 10. Bf1 Nbd7 11. Nd5 Nxd5 12. exd5 Bf5 13. a4 Bg6 14. a5 f5 15.
f4 Nf6 16. c4 Ne4 17. Bd3 Bf6 18. g4 Bh4 19. Bxe4 Bxe1 20. gxf5 Qh4 21. Be3
exf4 22. Bd4 Bh5 23. Qxe1 Qg4+ 24. Kh1 f3 25. Qg3 Rae8 26. Nd2 Qxg3 27. hxg3 f2
28. Kg2 Bg4 29. f6 gxf6 30. Bxf2 f5 31. Bf3 h5 32. Re1 Kf7 33. Rxe8 Rxe8 34. b4
Ke7 35. c5 Kd7 36. c6+ Kc7 37. Bb6+ Kc8 38. Nc4 1-0

[Event "Campeonato de España Individual"]
[Site "Cala Major-Palma de Mallorca"]
[Date "2009.09.29"]
[Round "4.27"]
[White "Garcia Garcia, Ruben"]
[Black "Suau Mercer, Pedro"]
[Result "1-0"]
[WhiteElo "2278"]
[BlackElo "1924"]
[PlyCount "43"]
[EventDate "2009.09.26"]

1. e4 e6 2. d4 d5 3. Nc3 Nf6 4. e5 Nfd7 5. f4 c5 6. Nf3 Nc6 7. Be3 Be7 8. Bd3
O-O 9. dxc5 Nxc5 10. Bxc5 Bxc5 11. Bxh7+ Kxh7 12. Ng5+ Kg6 13. Qd3+ f5 14. Qg3
Qa5 15. Qh4 Nxe5 16. Qh7+ Kf6 17. fxe5+ Kxg5 18. Qxg7+ Kh5 19. Qh7+ Kg5 20.
Qg7+ Kh5 21. h4 Qd8 22. g4+ 1-0

[Event "Campeonato de España Individual"]
[Site "Cala Major-Palma de Mallorca"]
[Date "2009.09.29"]
[Round "4.29"]
[White "Barcelo Pujadas, Pedro Jose"]
[Black "Revilla Rio, Francisco"]
[Result "1/2-1/2"]
[WhiteElo "2249"]
[BlackElo "2094"]
[PlyCount "98"]
[EventDate "2009.09.26"]

1. d4 d5 2. Nf3 c6 3. g3 Bf5 4. Bg2 Nf6 5. O-O e6 6. c4 Bd6 7. Qb3 b6 8. Nc3
O-O 9. Nh4 Bg4 10. h3 Bh5 11. cxd5 Nxd5 12. e4 Nxc3 13. bxc3 Be7 14. Nf3 Nd7
15. Be3 Rc8 16. g4 Bg6 17. Nd2 Kh8 18. f4 f6 19. Rae1 c5 20. d5 exd5 21. exd5
Bd3 22. Rf2 c4 23. Qd1 f5 24. g5 Nc5 25. Bd4 Kg8 26. Qh5 Bd6 27. Be5 Qe8 28. g6
hxg6 29. Qh4 Be7 30. Qg3 Qf7 31. Bf3 Rcd8 32. Rg2 Bf6 33. Kh2 Ne4 34. Bxe4 fxe4
35. Nxe4 Bxe4 36. Rxe4 Rxd5 37. Bxf6 Qxf6 38. Rxc4 Rf5 39. Qxg6 Qxg6 40. Rxg6
Rxf4 41. Rc7 R8f7 42. Rc8+ Kh7 43. Rg2 Rf3 44. Rc4 Rd7 45. a4 Rdd3 46. Rc7
Rxh3+ 47. Kg1 Rhg3 48. Rxg3 Rxg3+ 49. Kf2 Rg4 1/2-1/2

[Event "Campeonato de España Individual"]
[Site "Cala Major-Palma de Mallorca"]
[Date "2009.09.29"]
[Round "4.30"]
[White "Gelabert Mari, Llorenç"]
[Black "Vega Gutierrez, Belinda"]
[Result "0-1"]
[WhiteElo "2083"]
[BlackElo "2218"]
[PlyCount "64"]
[EventDate "2009.09.26"]

1. e4 e5 2. Nf3 Nc6 3. d4 exd4 4. Bc4 Nf6 5. O-O Nxe4 6. Re1 d5 7. Bxd5 Qxd5 8.
Nc3 Qa5 9. Nxe4 Be6 10. Neg5 O-O-O 11. Nxe6 fxe6 12. Rxe6 Bd6 13. Re4 Rde8 14.
Qe2 Qh5 15. Bd2 Bxh2+ 16. Kf1 Rxe4 17. Qxe4 Re8 18. Qd3 Ne5 19. Nxe5 Bxe5 20.
Qh3+ Qxh3 21. gxh3 c5 22. Re1 Kd7 23. Re4 Bf6 24. Rg4 Kc6 25. h4 h6 26. Rg6 Re6
27. Bg5 hxg5 28. hxg5 c4 29. gxf6 gxf6 30. Rg3 b5 31. Rf3 a5 32. Rf5 d3 0-1

[Event "Campeonato de España Individual"]
[Site "Cala Major-Palma de Mallorca"]
[Date "2009.09.29"]
[Round "4.33"]
[White "Abadia Pascual, Luis"]
[Black "Narciso Dublan, Març"]
[Result "0-1"]
[WhiteElo "1958"]
[BlackElo "2533"]
[PlyCount "34"]
[EventDate "2009.09.26"]

1. e4 Nf6 2. e5 Nd5 3. d4 d6 4. Bc4 Nb6 5. Bb3 Bf5 6. Qf3 e6 7. Qxb7 d5 8. Nc3
Bb4 9. Bd2 O-O 10. Nf3 Bxc3 11. bxc3 f6 12. exf6 gxf6 13. Ba4 c6 14. Bxc6 Rf7
15. Qxa8 Nxa8 16. Bxa8 Qc8 17. Rb1 Na6 0-1

[Event "Campeonato de España Individual"]
[Site "Cala Major-Palma de Mallorca"]
[Date "2009.09.29"]
[Round "4.35"]
[White "Diaz Sanchez, Jose Francisco"]
[Black "Pont Mulet, Antonio"]
[Result "0-1"]
[WhiteElo "1926"]
[BlackElo "2232"]
[PlyCount "78"]
[EventDate "2009.09.26"]

1. e4 e6 2. d4 d5 3. exd5 exd5 4. Nf3 Bg4 5. Qe2+ Qe7 6. Be3 Nc6 7. h3 Bxf3 8.
gxf3 O-O-O 9. Nc3 Qf6 10. O-O-O Bb4 11. Qd2 Nge7 12. Rg1 h6 13. a3 Bxc3 14.
Qxc3 Rhg8 15. Bd3 Nf5 16. Rg4 Rde8 17. Rf4 Nce7 18. Qa5 g5 19. Rxf5 Nxf5 20.
Qxa7 Nd6 21. Be2 Qe6 22. Bf1 Kd7 23. Qc5 Nf5 24. Bd2 Qd6 25. Qb5+ Kc8 26. Qa4
Kb8 27. Kb1 Re6 28. Bd3 Nh4 29. Bb4 Qf4 30. Qd7 Rge8 31. Qxd5 Qxf3 32. Qxf3
Nxf3 33. Bf5 Re2 34. Bd7 Rd8 35. Bg4 Rxf2 36. Be1 Nxe1 37. Rxe1 f5 38. Bh5 Rxd4
39. Re8+ Ka7 0-1

[Event "Campeonato de España Individual"]
[Site "Cala Major-Palma de Mallorca"]
[Date "2009.09.29"]
[Round "4.38"]
[White "Solino Nebot, Leonardo"]
[Black "Moreno Mateos, Jose Luis"]
[Result "1-0"]
[WhiteElo "2174"]
[BlackElo "1908"]
[PlyCount "51"]
[EventDate "2009.09.26"]

1. e4 c6 2. d4 d5 3. exd5 cxd5 4. Bd3 Nc6 5. c3 g6 6. Bf4 Nf6 7. Nd2 Bg7 8.
Ngf3 O-O 9. h3 Nh5 10. Bh2 Re8 11. Ne5 Bh8 12. Qc2 Ng7 13. O-O-O Bf5 14. g4
Nxd4 15. cxd4 Rc8 16. gxf5 Rxc2+ 17. Bxc2 Qc8 18. fxg6 hxg6 19. Ndf3 Nf5 20.
Kb1 Qe6 21. Ng5 Qb6 22. Ngxf7 Nxd4 23. Rhg1 Bxe5 24. Nxe5 g5 25. Rxg5+ Kh8 26.
Nf7# 1-0

[Event "Campeonato de España Individual"]
[Site "Cala Major-Palma de Mallorca"]
[Date "2009.09.29"]
[Round "4.40"]
[White "Aguilo Pons, Francesc"]
[Black "Lechado Artigues, Pedro"]
[Result "0-1"]
[WhiteElo "1899"]
[BlackElo "2110"]
[PlyCount "32"]
[EventDate "2009.09.26"]

1. e4 c5 2. Nf3 d6 3. d4 cxd4 4. Nxd4 Nf6 5. Nc3 a6 6. Bg5 e6 7. f4 Qb6 8. Nb3
Nc6 9. Qf3 Be7 10. O-O-O Bd7 11. Kb1 Qc7 12. g4 h6 13. Bh4 g5 14. Bg3 gxf4 15.
Bh4 Ne5 16. Qxf4 Ng6 0-1

[Event "Campeonato de España Individual"]
[Site "Cala Major-Palma de Mallorca"]
[Date "2009.09.29"]
[Round "4.41"]
[White "Trillo-Figueroa Vidal, Antonio"]
[Black "Ruiz Viñals, Matias"]
[Result "0-1"]
[WhiteElo "1838"]
[BlackElo "2101"]
[PlyCount "70"]
[EventDate "2009.09.26"]

1. e4 e6 2. d4 d5 3. Nc3 Nf6 4. Bg5 Be7 5. e5 Nfd7 6. Bxe7 Qxe7 7. Qg4 f5 8.
Qg3 a6 9. f4 c5 10. Nf3 Nc6 11. dxc5 Nxc5 12. Rd1 Bd7 13. Be2 Rg8 14. a3 h6 15.
h4 O-O-O 16. h5 Be8 17. b4 Ne4 18. Nxe4 dxe4 19. Rxd8+ Qxd8 20. Nd2 Nd4 21.
Qc3+ Kb8 22. Nc4 Nxe2 23. Kxe2 Bb5 24. a4 Bxa4 25. Nd6 g5 26. hxg6 Rxg6 27. Rh2
Qb6 28. Qc8+ Ka7 29. c3 Bb5+ 30. c4 Bc6 31. Qf8 Bd7 32. c5 Qxb4 33. Nc8+ Bxc8
34. Qxc8 Qb2+ 35. Kd1 Rg3 0-1

[Event "Campeonato de España Individual"]
[Site "Cala Major-Palma de Mallorca"]
[Date "2009.09.29"]
[Round "4.45"]
[White "Machin Arbelo, Pedro Alexis"]
[Black "Ensenat Calafell, Jose Luis"]
[Result "1-0"]
[WhiteElo "2052"]
[BlackElo "1810"]
[PlyCount "31"]
[EventDate "2009.09.26"]

1. d4 d5 2. Nc3 c6 3. Nf3 Nf6 4. Bg5 Bf5 5. e3 e6 6. Bd3 Bxd3 7. Qxd3 Nbd7 8.
e4 dxe4 9. Nxe4 Be7 10. h4 Nd5 11. Nd6+ Kf8 12. Nxb7 Qc7 13. Bxe7+ Kxe7 14.
Qa3+ c5 15. Nxc5 Nxc5 16. dxc5 1-0

[Event "Campeonato de España Individual"]
[Site "Cala Major-Palma de Mallorca"]
[Date "2009.09.30"]
[Round "5.4"]
[White "Khamrakulov, Ibragim S"]
[Black "Aloma Vidal, Robert"]
[Result "1-0"]
[WhiteElo "2554"]
[BlackElo "2462"]
[PlyCount "85"]
[EventDate "2009.09.26"]

1. e4 Nf6 2. e5 Nd5 3. Nf3 d6 4. d4 dxe5 5. Nxe5 c6 6. c4 Nb4 7. Be3 Bf5 8. Na3
Nd7 9. Qf3 e6 10. Nxf7 Kxf7 11. g4 Ne5 12. dxe5 Nd3+ 13. Bxd3 Qxd3 14. Nc2 Qxc2
15. gxf5 Qxc4 16. a3 Rd8 17. fxe6+ Kxe6 18. Qh3+ Kxe5 19. Rg1 Rd5 20. Rc1 Qd3
21. Rg5+ Kf6 22. Qf3+ Ke6 23. Qg4+ Kf6 24. Rxd5 Qxd5 25. Rd1 Qf5 26. Qd4+ Kg6
27. Qxa7 Qb5 28. Qd4 h5 29. Qd7 Qxb2 30. Qd3+ Kf7 31. Qc4+ Kg6 32. Qe4+ Kf7 33.
Rd7+ Kg8 34. Qe6+ Kh7 35. Qf5+ Kg8 36. Qf7+ Kh7 37. Qxh5+ Kg8 38. Qf7+ Kh7 39.
Rd4 Qb1+ 40. Ke2 Qb5+ 41. Kf3 Be7 42. Qxe7 Qh5+ 43. Rg4 1-0

[Event "Campeonato de España Individual"]
[Site "Cala Major-Palma de Mallorca"]
[Date "2009.09.30"]
[Round "5.5"]
[White "Fernandez Siles, Luis"]
[Black "Arizmendi Martinez, Julen Luis"]
[Result "0-1"]
[WhiteElo "2334"]
[BlackElo "2532"]
[PlyCount "42"]
[EventDate "2009.09.26"]

1. c4 e6 2. d4 Nf6 3. Nf3 b6 4. g3 Ba6 5. Qa4 Be7 6. Bg2 c6 7. O-O O-O 8. Nc3
d5 9. Ne5 Qe8 10. cxd5 b5 11. Qb3 cxd5 12. e4 b4 13. exd5 Bxf1 14. Kxf1 Nbd7
15. dxe6 Nxe5 16. dxe5 bxc3 17. exf6 Bxf6 18. exf7+ Rxf7 19. Bxa8 Qxa8 20. bxc3
Qf3 21. Rb1 Qh1+ 0-1